[Event "Russian Higher League 2021"]
[Site "?"]
[Date "2021.06.28"]
[Round "3.9"]
[White "Antipov, Mikhail Al."]
[Black "Makarian, Rudik"]
[Result "1-0"]
[WhiteElo "2596"]
[BlackElo "2460"]
[Annotator ""]
[Source ""]
[Remark ""]

1.e4 {[%clk 1:30:58]} c5 {[%clk 1:30:56]} 2.Nf3 {[%clk 1:31:21]}
e6 {[%clk 1:30:52]} 3.d4 {[%clk 1:31:45]} cxd4 {[%clk 1:31:16]}
4.Nxd4 {[%clk 1:32:13]} Nf6 {[%clk 1:31:22]} 5.Nc3 {[%clk 1:32:38]}
Nc6 {[%clk 1:31:48]} 6.a3 {[%clk 1:33:01]} Be7 {[%clk 1:29:18]}
7.Be3 {[%clk 1:30:02]} d6 {[%clk 1:27:34]} 8.f3 {[%clk 1:21:02]}
O-O {[%clk 1:23:33]} 9.Qd2 {[%clk 1:21:14]} a6 {[%clk 1:10:32]}
10.O-O-O {[%clk 1:17:11]} Bd7 {[%clk 1:10:02]} 11.g4 {[%clk 1:15:27]}
b5 {[%clk 1:08:43]} 12.g5 {[%clk 1:14:40]} Ne8 {[%clk 1:06:40]}
13.Nxc6 {[%clk 1:06:21]} Bxc6 {[%clk 1:07:06]} 14.h4 {[%clk 1:06:40]}
Rb8 {[%clk 1:02:58]} 15.Ne2 {[%clk 1:04:28]} d5 {[%clk 0:52:13]}
16.Nd4 {[%clk 1:03:48]} Ba8 {[%clk 0:51:29]} 17.e5 {[%clk 1:02:57]}
Qd7 {[%clk 0:49:37]} 18.b4 {[%clk 0:57:44]} a5 {[%clk 0:48:25]}
19.h5 {[%clk 0:50:57]} Nc7 {[%clk 0:47:11]} 20.g6 {[%clk 0:50:26]}
axb4 {[%clk 0:46:18]} 21.gxh7+ {[%clk 0:47:06]} Kh8 {[%clk 0:43:15]}
22.Rg1 {[%clk 0:45:27]} Rfc8 {[%clk 0:42:36]} 23.Bd3 {[%clk 0:38:25]}
bxa3 {[%clk 0:39:20]} 24.Bh6 {[%clk 0:36:58]} Ne8 {[%clk 0:38:33]}
25.Rxg7 1-0

[Event "Russian Higher League 2021"]
[Site "?"]
[Date "2021.06.28"]
[Round "3.10"]
[White "Shuvalova, Polina"]
[Black "Goryachkina, Aleksandra"]
[Result "1/2-1/2"]
[WhiteElo "2489"]
[BlackElo "2596"]
[Annotator ""]
[Source ""]
[Remark ""]

1.e4 {[%clk 1:30:57]} e5 {[%clk 1:30:47]} 2.Nf3 {[%clk 1:31:21]}
Nc6 {[%clk 1:31:07]} 3.d4 {[%clk 1:31:44]} exd4 {[%clk 1:31:14]}
4.Nxd4 {[%clk 1:32:09]} Nf6 {[%clk 1:29:31]} 5.Nxc6 {[%clk 1:32:29]}
bxc6 {[%clk 1:29:56]} 6.e5 {[%clk 1:32:55]} Qe7 {[%clk 1:29:31]}
7.Qe2 {[%clk 1:33:20]} Nd5 {[%clk 1:29:51]} 8.h4 {[%clk 1:33:42]}
a5 {[%clk 1:21:32]} 9.g3 {[%clk 1:32:11]} Ba6 {[%clk 1:14:12]}
10.c4 {[%clk 1:32:34]} Nb6 {[%clk 1:08:52]} 11.b3 {[%clk 1:28:31]}
Qd8 {[%clk 1:07:03]} 12.Bb2 {[%clk 1:24:24]} Bb4+ {[%clk 1:02:18]}
13.Nd2 {[%clk 1:22:44]} a4 {[%clk 1:00:36]} 14.O-O-O {[%clk 1:15:38]}
Qe7 {[%clk 0:57:14]} 15.Qg4 {[%clk 1:11:19]} Ba3 {[%clk 0:52:57]}
16.Qxg7 {[%clk 1:09:20]} O-O-O {[%clk 0:51:46]} 17.e6 {[%clk 0:57:21]}
dxe6 {[%clk 0:49:21]} 18.Bxa3 {[%clk 0:44:30]} Qxa3+ {[%clk 0:49:43]}
19.Qb2 {[%clk 0:44:51]} Qb4 {[%clk 0:41:46]} 20.Kc2 {[%clk 0:38:35]}
axb3+ {[%clk 0:34:22]} 21.axb3 {[%clk 0:37:58]} Nd7 {[%clk 0:25:45]}
22.Qc3 {[%clk 0:34:45]} Qxc3+ {[%clk 0:23:35]} 23.Kxc3 {[%clk 0:35:10]}
c5 {[%clk 0:21:46]} 24.Be2 {[%clk 0:29:10]} Nf6 {[%clk 0:21:00]}
25.b4 {[%clk 0:22:07]} cxb4+ {[%clk 0:13:59]} 26.Kxb4 {[%clk 0:22:19]}
Rd6 {[%clk 0:13:13]} 27.Bf3 {[%clk 0:18:16]} Bb7 {[%clk 0:13:07]}
28.Bxb7+ {[%clk 0:13:16]} Kxb7 {[%clk 0:13:36]} 29.Rhe1 {[%clk 0:10:05]}
Rhd8 {[%clk 0:12:26]} 30.Kc3 {[%clk 0:10:20]} Kc6 {[%clk 0:09:55]}
31.Re2 {[%clk 0:09:37]} Nd7 {[%clk 0:08:44]} 32.Kc2 {[%clk 0:06:54]}
Nc5 {[%clk 0:08:56]} 33.Rb1 {[%clk 0:06:49]} Rd4 {[%clk 0:08:11]}
34.Rb4 {[%clk 0:06:44]} Rd3 {[%clk 0:04:27]} 35.Nb3 {[%clk 0:04:08]}
Nxb3 {[%clk 0:03:21]} 36.Rxb3 {[%clk 0:04:33]} Rxb3 {[%clk 0:03:34]}
37.Kxb3 {[%clk 0:05:00]} Rd3+ {[%clk 0:03:58]} 38.Kb4 {[%clk 0:04:38]}
Kd6 {[%clk 0:03:35]} 39.Rb2 {[%clk 0:02:29]} e5 {[%clk 0:02:42]}
40.Kb5 {[%clk 0:30:42]} f5 {[%clk 0:31:33]} 41.Kb4 {[%clk 0:23:06]}
h5 {[%clk 0:27:53]} 42.Kb5 {[%clk 0:20:49]} e4 {[%clk 0:26:58]}
43.Kb4 {[%clk 0:19:50]} c6 {[%clk 0:26:48]} 44.c5+ {[%clk 0:15:08]}
Kd5 {[%clk 0:27:10]} 45.Ra2 {[%clk 0:14:34]} Rd4+ {[%clk 0:19:11]}
46.Kc3 {[%clk 0:14:08]} Rc4+ {[%clk 0:19:08]} 47.Kd2 {[%clk 0:14:29]}
Rxc5 {[%clk 0:19:19]} 48.Ra8 {[%clk 0:14:31]} Rb5 {[%clk 0:17:58]}
49.Rh8 {[%clk 0:13:46]} Kd4 {[%clk 0:14:05]} 50.Rd8+ {[%clk 0:11:15]}
Rd5 {[%clk 0:09:54]} 51.Rh8 {[%clk 0:11:39]} Ra5 {[%clk 0:08:51]}
52.Rd8+ {[%clk 0:11:50]} Kc4 {[%clk 0:09:08]} 53.Rh8 {[%clk 0:11:50]}
Kb3 {[%clk 0:07:39]} 54.Rxh5 {[%clk 0:11:19]} Rd5+ {[%clk 0:07:44]}
55.Ke2 {[%clk 0:08:28]} c5 {[%clk 0:03:43]} 56.g4 {[%clk 0:07:49]}
c4 {[%clk 0:03:37]} 57.Rxf5 {[%clk 0:07:21]} Rxf5 {[%clk 0:03:22]}
58.gxf5 {[%clk 0:07:47]} c3 {[%clk 0:03:49]} 59.f6 {[%clk 0:08:10]}
c2 {[%clk 0:04:13]} 60.f7 {[%clk 0:08:34]} c1Q {[%clk 0:04:32]}
61.f8Q {[%clk 0:08:54]} Qc4+ {[%clk 0:04:29]} 62.Ke1 {[%clk 0:09:13]}
Qc1+ {[%clk 0:04:41]} 63.Ke2 {[%clk 0:09:39]} 1/2-1/2

[Event "Russian Higher League 2021"]
[Site "?"]
[Date "2021.06.28"]
[Round "3.11"]
[White "Pogosyan, Stefan"]
[Black "Matlakov, Maxim"]
[Result "0-1"]
[WhiteElo "2413"]
[BlackElo "2688"]
[Annotator ""]
[Source ""]
[Remark ""]

1.c4 {[%clk 1:30:57]} e5 {[%clk 1:29:38]} 2.Nc3 {[%clk 1:31:06]}
Bb4 {[%clk 1:30:00]} 3.Qc2 {[%clk 1:28:20]} Nf6 {[%clk 1:27:23]}
4.e3 {[%clk 1:24:48]} O-O {[%clk 1:25:39]} 5.Nf3 {[%clk 1:20:29]}
Re8 {[%clk 1:23:47]} 6.a3 {[%clk 1:18:23]} Bxc3 {[%clk 1:08:38]}
7.Qxc3 {[%clk 1:11:02]} d5 {[%clk 1:04:44]} 8.cxd5 {[%clk 0:50:33]}
Nxd5 {[%clk 0:59:49]} 9.Qc2 {[%clk 0:50:51]} Bg4 {[%clk 0:49:46]}
10.d3 {[%clk 0:45:32]} Bxf3 {[%clk 0:46:16]} 11.gxf3 {[%clk 0:45:41]}
a5 {[%clk 0:46:26]} 12.Bd2 {[%clk 0:43:08]} Nc6 {[%clk 0:31:51]}
13.O-O-O {[%clk 0:30:08]} Re6 {[%clk 0:19:27]} 14.Kb1 {[%clk 0:29:02]}
Rd6 {[%clk 0:16:56]} 15.h4 {[%clk 0:22:43]} Qf6 {[%clk 0:14:04]}
16.Be2 {[%clk 0:21:17]} Nd8 {[%clk 0:09:34]} 17.h5 {[%clk 0:16:55]}
h6 {[%clk 0:09:52]} 18.Rdg1 {[%clk 0:12:41]} Ne6 {[%clk 0:10:14]}
19.Rg4 {[%clk 0:12:47]} Kh8 {[%clk 0:07:54]} 20.Rhg1 {[%clk 0:12:49]}
Qe7 {[%clk 0:08:14]} 21.Ka1 {[%clk 0:11:27]} Nf6 {[%clk 0:05:28]}
22.Rc4 {[%clk 0:09:01]} b5 {[%clk 0:03:55]} 23.Rc6 {[%clk 0:09:03]}
b4 {[%clk 0:04:24]} 24.a4 {[%clk 0:08:29]} Rad8 {[%clk 0:04:11]}
25.Rc4 {[%clk 0:06:20]} Rd5 {[%clk 0:03:48]} 26.Rc1 {[%clk 0:03:21]}
Nxh5 {[%clk 0:02:48]} 27.f4 {[%clk 0:03:20]} exf4 {[%clk 0:03:14]}
28.Bxh5 {[%clk 0:00:34]} Rxh5 {[%clk 0:03:12]} 29.exf4 {[%clk 0:00:32]}
Qd7 {[%clk 0:02:40]} 30.Be3 {[%clk 0:00:33]} Qxd3 {[%clk 0:02:44]}
31.Qxd3 {[%clk 0:00:43]} Rxd3 {[%clk 0:03:11]} 32.Rc6 {[%clk 0:01:06]}
Rhd5 {[%clk 0:02:49]} 33.Kb1 {[%clk 0:01:12]} Kh7 {[%clk 0:03:06]} 0-1

[Event "Russian Higher League 2021"]
[Site "?"]
[Date "2021.06.28"]
[Round "3.12"]
[White "Faizrakhmanov, Ramil"]
[Black "Demchenko, Anton"]
[Result "1/2-1/2"]
[WhiteElo "2484"]
[BlackElo "2600"]
[Annotator ""]
[Source ""]
[Remark ""]

1.d4 {[%clk 1:30:55]} e6 {[%clk 1:30:51]} 2.c4 {[%clk 1:30:25]}
f5 {[%clk 1:31:10]} 3.g3 {[%clk 1:28:53]} Nf6 {[%clk 1:31:29]}
4.Bg2 {[%clk 1:28:38]} d5 {[%clk 1:31:42]} 5.Nf3 {[%clk 1:28:01]}
Bd6 {[%clk 1:31:12]} 6.O-O {[%clk 1:27:43]} O-O {[%clk 1:31:27]}
7.b3 {[%clk 1:25:08]} b6 {[%clk 1:30:08]} 8.cxd5 {[%clk 1:22:48]}
exd5 {[%clk 1:28:24]} 9.Bb2 {[%clk 1:22:00]} f4 {[%clk 1:18:36]}
10.Ne5 {[%clk 1:08:57]} fxg3 {[%clk 1:17:44]} 11.hxg3 {[%clk 1:08:57]}
Qe8 {[%clk 1:00:12]} 12.Nc3 {[%clk 1:04:23]} c6 {[%clk 0:58:46]}
13.f4 {[%clk 1:00:00]} Bf5 {[%clk 0:56:01]} 14.e4 {[%clk 0:51:32]}
dxe4 {[%clk 0:36:56]} 15.Qe2 {[%clk 0:48:54]} Nbd7 {[%clk 0:37:13]}
16.Nxe4 {[%clk 0:47:09]} Nxe4 {[%clk 0:36:46]} 17.Bxe4 {[%clk 0:46:01]}
Bxe4 {[%clk 0:37:09]} 18.Qxe4 {[%clk 0:46:19]} Nf6 {[%clk 0:37:36]}
19.Qxc6 {[%clk 0:42:55]} Qxc6 {[%clk 0:36:44]} 20.Nxc6 {[%clk 0:40:07]}
Nd5 {[%clk 0:37:10]} 21.Ne5 {[%clk 0:37:05]} h5 {[%clk 0:34:32]}
22.Rac1 {[%clk 0:34:47]} Rad8 {[%clk 0:31:50]} 23.a3 {[%clk 0:26:53]}
Rf6 {[%clk 0:28:24]} 24.Rf3 {[%clk 0:18:12]} g5 {[%clk 0:26:02]}
25.fxg5 {[%clk 0:16:26]} Rxf3 {[%clk 0:26:26]} 26.Nxf3 {[%clk 0:16:52]}
Bxg3 {[%clk 0:26:48]} 27.Rc6 {[%clk 0:14:01]} Rf8 {[%clk 0:20:31]}
28.Kg2 {[%clk 0:12:01]} Bf4 {[%clk 0:14:47]} 29.Rg6+ {[%clk 0:07:56]}
Kf7 {[%clk 0:14:42]} 30.Rc6 {[%clk 0:06:08]} Ke7 {[%clk 0:13:54]}
31.a4 {[%clk 0:05:04]} Kd7 {[%clk 0:08:16]} 32.Ba3 {[%clk 0:02:42]}
Re8 {[%clk 0:05:42]} 33.Rh6 {[%clk 0:03:02]} Re2+ {[%clk 0:06:06]}
34.Kh1 {[%clk 0:02:49]} Ra2 {[%clk 0:05:54]} 35.Ne5+ {[%clk 0:02:44]}
Bxe5 {[%clk 0:03:42]} 36.dxe5 {[%clk 0:03:10]} Rxa3 {[%clk 0:04:09]}
37.Rd6+ {[%clk 0:03:31]} Ke7 {[%clk 0:04:35]} 38.Rxd5 {[%clk 0:03:55]}
Rxb3 {[%clk 0:05:00]} 39.a5 {[%clk 0:01:58]} Ke6 {[%clk 0:03:07]}
40.Rd6+ {[%clk 0:31:37]} Kxe5 {[%clk 0:33:32]} 41.Rd7 {[%clk 0:31:29]}
Kf4 {[%clk 0:29:13]} 42.Kh2 {[%clk 0:29:28]} Kxg5 {[%clk 0:27:27]}
43.Rxa7 {[%clk 0:29:43]} b5 {[%clk 0:27:31]} 44.a6 {[%clk 0:28:49]}
Kh4 {[%clk 0:27:12]} 45.Rb7 {[%clk 0:28:31]} Rb2+ {[%clk 0:27:22]}
46.Kg1 {[%clk 0:28:54]} Kg3 {[%clk 0:26:18]} 47.Rg7+ {[%clk 0:29:09]}
Kf4 {[%clk 0:25:05]} 48.Rg2 {[%clk 0:26:57]} Rb1+ {[%clk 0:25:29]}
49.Kh2 {[%clk 0:27:22]} Ra1 {[%clk 0:25:50]} 50.Rb2 {[%clk 0:27:42]}
Rxa6 {[%clk 0:26:03]} 51.Rxb5 {[%clk 0:28:05]} Ke5 1/2-1/2

[Event "Russian Higher League 2021"]
[Site "?"]
[Date "2021.06.28"]
[Round "3.13"]
[White "Romanov, Evgeny"]
[Black "Nesterov, Arseniy"]
[Result "1/2-1/2"]
[WhiteElo "2599"]
[BlackElo "2479"]
[Annotator ""]
[Source ""]
[Remark ""]

1.e4 {[%clk 1:30:17]} e5 {[%clk 1:30:55]} 2.Nf3 {[%clk 1:30:36]}
Nc6 {[%clk 1:31:21]} 3.d4 {[%clk 1:30:55]} exd4 {[%clk 1:31:44]}
4.Nxd4 {[%clk 1:31:20]} Bb4+ {[%clk 1:31:01]} 5.c3 {[%clk 1:31:08]}
Bc5 {[%clk 1:31:27]} 6.Nxc6 {[%clk 1:31:11]} bxc6 {[%clk 1:29:25]}
7.Bf4 {[%clk 1:31:21]} Ne7 {[%clk 1:19:26]} 8.Nd2 {[%clk 1:27:52]}
O-O {[%clk 1:12:50]} 9.Bd3 {[%clk 1:27:01]} d5 {[%clk 1:08:05]}
10.O-O {[%clk 1:24:28]} Ng6 {[%clk 1:06:18]} 11.Bg3 {[%clk 1:23:42]}
Rb8 {[%clk 0:59:26]} 12.b4 {[%clk 1:12:53]} Bb6 {[%clk 0:38:26]}
13.exd5 {[%clk 1:04:41]} Qxd5 {[%clk 0:37:49]} 14.Bxg6 {[%clk 0:57:52]}
Rd8 {[%clk 0:25:05]} 15.Nf3 {[%clk 0:30:54]} fxg6 {[%clk 0:24:28]}
16.c4 {[%clk 0:31:11]} Qxd1 {[%clk 0:24:52]} 17.Rfxd1 {[%clk 0:31:37]}
Rxd1+ {[%clk 0:25:15]} 18.Rxd1 {[%clk 0:32:03]} c5 {[%clk 0:24:18]}
19.Rd8+ {[%clk 0:32:00]} Kf7 {[%clk 0:24:47]} 20.Ne5+ {[%clk 0:30:07]}
Ke6 {[%clk 0:24:57]} 21.Re8+ {[%clk 0:29:06]} Kf6 {[%clk 0:24:57]}
22.Nc6 {[%clk 0:22:03]} Ra8 {[%clk 0:23:37]} 23.Be5+ {[%clk 0:21:37]}
Kg5 {[%clk 0:12:46]} 24.f4+ {[%clk 0:20:08]} Kh5 {[%clk 0:11:08]}
25.b5 {[%clk 0:16:36]} Bb7 {[%clk 0:09:34]} 26.Re7 {[%clk 0:12:59]}
a6 {[%clk 0:05:25]} 27.Rxg7 {[%clk 0:13:12]} h6 {[%clk 0:05:33]}
28.Bxc7 {[%clk 0:10:48]} axb5 {[%clk 0:05:51]} 29.cxb5 {[%clk 0:02:07]}
Bxc6 {[%clk 0:06:16]} 30.bxc6 {[%clk 0:02:31]} Bxc7 {[%clk 0:02:51]}
31.Rxc7 {[%clk 0:02:59]} Kg4 {[%clk 0:02:31]} 32.Rd7 {[%clk 0:03:01]}
Rc8 {[%clk 0:01:32]} 33.c7 {[%clk 0:02:38]} Kxf4 {[%clk 0:01:58]}
34.Kf2 {[%clk 0:02:42]} Ke5 {[%clk 0:02:01]} 35.Ke3 {[%clk 0:02:59]}
Ke6 {[%clk 0:02:26]} 36.Rg7 {[%clk 0:03:04]} Kd6 {[%clk 0:01:43]}
37.Kd3 {[%clk 0:03:12]} g5 {[%clk 0:01:08]} 38.g4 {[%clk 0:02:09]}
Ra8 {[%clk 0:01:10]} 39.Kc4 {[%clk 0:01:14]} Kc6 {[%clk 0:01:25]}
40.h3 {[%clk 0:31:10]} Ra4+ {[%clk 0:31:30]} 41.Kb3 {[%clk 0:28:13]}
Rb4+ {[%clk 0:31:54]} 42.Kc3 {[%clk 0:28:16]} Kb7 {[%clk 0:32:15]}
43.Rh7 {[%clk 0:25:38]} Ra4 {[%clk 0:32:09]} 44.Rxh6 {[%clk 0:20:23]}
Kxc7 {[%clk 0:32:19]} 45.Rh5 {[%clk 0:20:39]} Rxa2 {[%clk 0:31:51]}
46.Kc4 {[%clk 0:19:42]} Ra3 {[%clk 0:25:36]} 47.Kxc5 {[%clk 0:13:58]}
Kd7 {[%clk 0:25:12]} 48.Kd5 {[%clk 0:11:10]} Ke7 {[%clk 0:25:12]}
49.Ke5 {[%clk 0:10:59]} Kf7 {[%clk 0:25:20]} 50.Rh6 {[%clk 0:11:11]}
Kg7 {[%clk 0:25:29]} 51.Rb6 {[%clk 0:11:32]} Rxh3 {[%clk 0:25:49]}
52.Kf5 {[%clk 0:11:56]} Rf3+ {[%clk 0:25:51]} 53.Kxg5 {[%clk 0:12:16]}
Rf8 {[%clk 0:26:18]} 54.Rb7+ {[%clk 0:11:59]} Kg8 {[%clk 0:26:43]}
55.Kh6 {[%clk 0:12:12]} Rf6+ {[%clk 0:27:01]} 56.Kh5 {[%clk 0:12:35]}
Re6 {[%clk 0:27:10]} 57.g5 {[%clk 0:12:58]} Rd6 {[%clk 0:27:34]}
58.g6 {[%clk 0:12:20]} Rd1 {[%clk 0:27:59]} 59.Kh6 {[%clk 0:12:05]}
Rh1+ {[%clk 0:28:23]} 60.Kg5 {[%clk 0:12:31]} 1/2-1/2

[Event "Russian Higher League 2021"]
[Site "?"]
[Date "2021.06.28"]
[Round "3.14"]
[White "Yuffa, Daniil"]
[Black "Dudin, Gleb"]
[Result "1/2-1/2"]
[WhiteElo "2578"]
[BlackElo "2439"]
[Annotator ""]
[Source ""]
[Remark ""]

1.d4 {[%clk 1:30:56]} d5 {[%clk 1:25:57]} 2.c4 {[%clk 1:31:21]}
c6 {[%clk 1:26:21]} 3.Nf3 {[%clk 1:31:47]} Nf6 {[%clk 1:26:43]}
4.e3 {[%clk 1:32:14]} Bf5 {[%clk 1:27:02]} 5.Nc3 {[%clk 1:32:38]}
e6 {[%clk 1:27:24]} 6.Nh4 {[%clk 1:33:04]} Be4 {[%clk 1:27:45]}
7.f3 {[%clk 1:33:12]} Bg6 {[%clk 1:28:06]} 8.Qb3 {[%clk 1:33:29]}
Qc7 {[%clk 1:27:16]} 9.Bd2 {[%clk 1:33:12]} Be7 {[%clk 1:27:07]}
10.g3 {[%clk 1:31:45]} a6 {[%clk 1:26:21]} 11.Nxg6 {[%clk 1:30:00]}
hxg6 {[%clk 1:26:40]} 12.cxd5 {[%clk 1:28:29]} cxd5 {[%clk 1:19:24]}
13.Rc1 {[%clk 1:26:14]} Nc6 {[%clk 1:15:00]} 14.Bd3 {[%clk 1:26:32]}
O-O {[%clk 0:59:26]} 15.Ne2 {[%clk 1:26:47]} Rfc8 {[%clk 0:51:48]}
16.g4 {[%clk 1:20:14]} b5 {[%clk 0:37:22]} 17.h4 Qb6 {[%clk 0:29:22]}
18.g5 {[%clk 1:11:49]} Ne8 {[%clk 0:21:05]} 19.h5 {[%clk 1:02:52]}
Na5 {[%clk 0:12:54]} 20.Qd1 {[%clk 0:57:38]} Bxg5 {[%clk 0:08:37]}
21.hxg6 {[%clk 0:57:30]} Nd6 {[%clk 0:06:54]} 22.gxf7+ {[%clk 0:52:38]}
Kxf7 {[%clk 0:06:46]} 23.e4 {[%clk 0:50:56]} Rh8 {[%clk 0:06:21]}
24.Rg1 {[%clk 0:45:42]} Bh4+ {[%clk 0:06:24]} 25.Kf1 {[%clk 0:46:07]}
dxe4 {[%clk 0:04:03]} 26.Bxe4 {[%clk 0:40:46]} Nxe4 {[%clk 0:03:49]}
27.Bxa5 {[%clk 0:41:08]} Qxa5 {[%clk 0:03:18]} 28.fxe4 {[%clk 0:41:35]}
Raf8 {[%clk 0:03:17]} 29.Nf4 {[%clk 0:41:42]} Ke8 {[%clk 0:02:28]}
30.Rg4 {[%clk 0:36:42]} g5 {[%clk 0:01:33]} 31.Qc2 {[%clk 0:35:33]}
Qd8 {[%clk 0:00:56]} 32.e5 {[%clk 0:28:46]} gxf4 {[%clk 0:00:39]}
33.Rg7 {[%clk 0:24:50]} Qd5 {[%clk 0:00:56]} 34.Qc6+ {[%clk 0:18:51]}
Qxc6 {[%clk 0:01:25]} 35.Rxc6 {[%clk 0:19:17]} Be7 {[%clk 0:01:48]}
36.Rxa6 {[%clk 0:19:31]} f3 {[%clk 0:00:55]} 37.Rxe6 {[%clk 0:14:15]}
Rh1+ {[%clk 0:00:36]} 38.Kf2 {[%clk 0:13:53]} Rh2+ {[%clk 0:01:00]}
39.Kg1 {[%clk 0:13:43]} f2+ {[%clk 0:00:32]} 40.Kxh2 {[%clk 0:44:08]}
f1Q {[%clk 0:30:33]} 41.Rexe7+ {[%clk 0:44:31]} Kd8 {[%clk 0:30:56]} 1/2-1/2

[Event "Russian Higher League 2021"]
[Site "?"]
[Date "2021.06.28"]
[Round "3.15"]
[White "Iljiushenok, Ilia"]
[Black "Tsvetkov, Andrey"]
[Result "1-0"]
[WhiteElo "2530"]
[BlackElo "2412"]
[Annotator ""]
[Source ""]
[Remark ""]

1.e4 {[%clk 1:30:57]} c5 {[%clk 1:30:57]} 2.Nf3 {[%clk 1:31:24]}
d6 {[%clk 1:31:23]} 3.d4 {[%clk 1:31:51]} cxd4 {[%clk 1:31:50]}
4.Nxd4 {[%clk 1:32:19]} Nf6 {[%clk 1:32:16]} 5.Nc3 {[%clk 1:32:46]}
a6 {[%clk 1:32:42]} 6.f3 {[%clk 1:32:51]} e5 {[%clk 1:32:36]}
7.Nb3 {[%clk 1:33:16]} Be6 {[%clk 1:30:42]} 8.Be3 {[%clk 1:33:39]}
Be7 {[%clk 1:29:25]} 9.Qd2 {[%clk 1:33:53]} Nbd7 {[%clk 1:29:50]}
10.g4 {[%clk 1:33:40]} b5 {[%clk 1:30:12]} 11.O-O-O {[%clk 1:32:53]}
Nb6 {[%clk 1:30:36]} 12.Na5 {[%clk 1:32:18]} Qc7 {[%clk 1:30:49]}
13.g5 {[%clk 1:29:22]} Nh5 {[%clk 1:31:14]} 14.a3 {[%clk 1:29:18]}
O-O {[%clk 1:30:22]} 15.Kb1 {[%clk 1:28:45]} Rfc8 {[%clk 1:26:12]}
16.Nd5 {[%clk 1:22:32]} Nxd5 {[%clk 1:22:23]} 17.exd5 {[%clk 1:22:58]}
Bxd5 {[%clk 1:22:52]} 18.Qxd5 {[%clk 1:23:22]} Qxa5 {[%clk 1:23:19]}
19.Bc4 {[%clk 1:23:45]} Rf8 {[%clk 1:20:33]} 20.Bb3 {[%clk 1:14:33]}
Kh8 {[%clk 1:11:14]} 21.Qb7 {[%clk 1:03:03]} Qd8 {[%clk 1:09:20]}
22.h4 {[%clk 1:01:43]} Ng3 {[%clk 0:55:08]} 23.Rhg1 {[%clk 1:01:27]}
Rb8 {[%clk 0:54:03]} 24.Qxa6 {[%clk 1:00:18]} Nf5 {[%clk 0:53:50]}
25.Bf2 {[%clk 0:58:33]} Qd7 {[%clk 0:46:09]} 26.Bd5 {[%clk 0:45:38]}
Rfc8 {[%clk 0:43:46]} 27.Qa7 {[%clk 0:42:58]} Qe8 {[%clk 0:39:51]}
28.Rg4 {[%clk 0:42:51]} h5 {[%clk 0:33:48]} 29.Re4 {[%clk 0:41:25]}
g6 {[%clk 0:32:25]} 30.f4 {[%clk 0:40:21]} Qf8 {[%clk 0:32:05]}
31.fxe5 {[%clk 0:34:09]} dxe5 {[%clk 0:32:31]} 32.Rxe5 {[%clk 0:34:36]}
b4 {[%clk 0:31:03]} 33.a4 {[%clk 0:34:46]} Bc5 {[%clk 0:25:30]}
34.Bxc5 {[%clk 0:34:53]} Qxc5 {[%clk 0:25:58]} 35.Re8+ {[%clk 0:35:16]}
 1-0

[Event "Russian Higher League 2021"]
[Site "?"]
[Date "2021.06.28"]
[Round "3.16"]
[White "Triapishko, Alexandr"]
[Black "Saveliev, Alexei"]
[Result "1-0"]
[WhiteElo "2510"]
[BlackElo "2381"]
[Annotator ""]
[Source ""]
[Remark ""]

1.c4 {[%clk 1:30:57]} c5 {[%clk 1:30:40]} 2.Nc3 {[%clk 1:30:44]}
Nc6 {[%clk 1:27:29]} 3.Nf3 {[%clk 1:28:53]} e5 {[%clk 1:24:12]}
4.e3 {[%clk 1:28:50]} d6 {[%clk 1:15:15]} 5.d4 {[%clk 1:20:46]}
cxd4 {[%clk 1:15:39]} 6.exd4 {[%clk 1:21:04]} Bg4 {[%clk 1:16:04]}
7.Be2 {[%clk 1:16:49]} Nf6 {[%clk 1:11:15]} 8.O-O {[%clk 0:51:42]}
Be7 {[%clk 1:07:18]} 9.Be3 {[%clk 0:41:40]} O-O {[%clk 0:59:08]}
10.h3 {[%clk 0:39:39]} Bh5 {[%clk 0:55:38]} 11.Rc1 {[%clk 0:29:43]}
Re8 {[%clk 0:53:49]} 12.dxe5 {[%clk 0:14:29]} dxe5 {[%clk 0:52:29]}
13.Qxd8 {[%clk 0:13:49]} Raxd8 {[%clk 0:51:32]} 14.Rfd1 {[%clk 0:13:02]}
e4 {[%clk 0:33:24]} 15.Nd4 {[%clk 0:12:46]} Bxe2 {[%clk 0:33:45]}
16.Ndxe2 {[%clk 0:11:57]} a6 {[%clk 0:30:49]} 17.Rxd8 {[%clk 0:06:47]}
Bxd8 {[%clk 0:25:13]} 18.Rd1 {[%clk 0:06:10]} Bc7 {[%clk 0:23:17]}
19.b3 {[%clk 0:04:50]} Be5 {[%clk 0:21:14]} 20.Bf4 {[%clk 0:04:41]}
Kf8 {[%clk 0:08:04]} 21.Bxe5 {[%clk 0:03:39]} Rxe5 {[%clk 0:08:27]}
22.Ng3 {[%clk 0:03:11]} e3 {[%clk 0:07:52]} 23.f4 {[%clk 0:03:18]}
Re6 {[%clk 0:05:10]} 24.Kf1 {[%clk 0:02:26]} Nb4 {[%clk 0:01:08]}
25.Ke2 {[%clk 0:02:03]} b5 {[%clk 0:00:41]} 26.Rd8+ {[%clk 0:01:41]}
Ke7 {[%clk 0:00:40]} 27.Rd4 {[%clk 0:02:07]} Nc6 {[%clk 0:00:37]}
28.Rd3 {[%clk 0:01:43]} bxc4 {[%clk 0:00:50]} 29.bxc4 {[%clk 0:02:06]}
Na5 {[%clk 0:01:12]} 30.Nf5+ {[%clk 0:01:19]} Kf8 {[%clk 0:01:42]}
31.Rd8+ {[%clk 0:01:22]} Ne8 {[%clk 0:01:54]} 32.c5 {[%clk 0:00:58]}
Nb7 {[%clk 0:01:02]} 33.Rc8 {[%clk 0:01:14]} g6 {[%clk 0:01:21]}
34.Nxe3 {[%clk 0:01:03]} Na5 {[%clk 0:01:02]} 35.Kd3 {[%clk 0:01:14]}
Ke7 {[%clk 0:00:47]} 36.Ncd5+ {[%clk 0:01:02]} Kd7 {[%clk 0:01:16]}
37.Ra8 {[%clk 0:00:53]} Kc6 {[%clk 0:01:02]} 38.Rxa6+ {[%clk 0:00:45]}
Kb5 {[%clk 0:01:32]} 39.Ra8 {[%clk 0:00:40]} 1-0

[Event "Russian Higher League 2021"]
[Site "?"]
[Date "2021.06.28"]
[Round "3.17"]
[White "Zabotin, Alexander"]
[Black "Smirnov, Anton"]
[Result "0-1"]
[WhiteElo "2506"]
[BlackElo "2154"]
[Annotator ""]
[Source ""]
[Remark ""]

1.Nf3 {[%clk 1:22:37]} d5 {[%clk 1:30:52]} 2.c4 {[%clk 1:22:59]}
e6 {[%clk 1:31:17]} 3.b3 {[%clk 1:22:46]} Nf6 {[%clk 1:31:00]}
4.Bb2 {[%clk 1:22:57]} Be7 {[%clk 1:29:54]} 5.g3 {[%clk 1:23:13]}
O-O {[%clk 1:30:03]} 6.Bg2 {[%clk 1:23:39]} c5 {[%clk 1:28:09]}
7.cxd5 {[%clk 1:23:30]} Nxd5 {[%clk 1:27:59]} 8.O-O {[%clk 1:23:49]}
Nc6 {[%clk 1:27:18]} 9.a3 {[%clk 1:21:37]} b6 {[%clk 1:26:34]}
10.d3 {[%clk 1:18:56]} Bb7 {[%clk 1:26:16]} 11.Nbd2 {[%clk 1:19:19]}
Bf6 {[%clk 1:24:08]} 12.Qc1 {[%clk 1:02:07]} Rc8 {[%clk 1:16:12]}
13.Ne4 {[%clk 0:59:13]} Be7 {[%clk 1:15:51]} 14.e3 {[%clk 0:58:59]}
Qc7 {[%clk 1:08:35]} 15.Qc2 {[%clk 0:55:34]} Rfd8 {[%clk 1:08:40]}
16.Rad1 {[%clk 0:55:46]} Qb8 {[%clk 1:07:56]} 17.g4 {[%clk 0:55:53]}
Bf8 {[%clk 0:53:12]} 18.Qe2 {[%clk 0:47:55]} Nde7 {[%clk 0:46:47]}
19.Nfg5 {[%clk 0:39:47]} h6 {[%clk 0:34:48]} 20.Qf3 {[%clk 0:28:32]}
f5 {[%clk 0:27:21]} 21.gxf5 {[%clk 0:28:57]} exf5 {[%clk 0:25:41]}
22.Qh5 {[%clk 0:24:17]} fxe4 {[%clk 0:20:38]} 23.Bxe4 {[%clk 0:24:17]}
Rd6 {[%clk 0:11:58]} 24.Qf7+ {[%clk 0:24:00]} Kh8 {[%clk 0:12:27]}
25.Ne6 {[%clk 0:24:12]} Rxe6 {[%clk 0:12:24]} 26.Qxe6 {[%clk 0:24:36]}
Nd8 {[%clk 0:08:41]} 27.Qxh6+ {[%clk 0:24:48]} Kg8 {[%clk 0:09:10]}
28.Qh7+ {[%clk 0:21:11]} Kf7 {[%clk 0:09:39]} 29.f4 {[%clk 0:20:33]}
Bxe4 {[%clk 0:09:26]} 30.dxe4 {[%clk 0:20:35]} Rc6 {[%clk 0:09:17]}
31.Be5 {[%clk 0:09:52]} Qc8 {[%clk 0:06:02]} 32.f5 {[%clk 0:08:51]}
Rh6 {[%clk 0:02:48]} 33.f6 {[%clk 0:04:22]} Qg4+ {[%clk 0:03:15]}
34.Kh1 {[%clk 0:04:49]} Qxd1 {[%clk 0:03:25]} 35.Rxd1 {[%clk 0:04:29]}
Rxh7 {[%clk 0:03:54]} 36.Rxd8 {[%clk 0:04:50]} gxf6 {[%clk 0:04:06]}
37.Bd6 {[%clk 0:03:49]} Rh4 {[%clk 0:03:42]} 38.Bb8 {[%clk 0:03:00]}
Nc6 {[%clk 0:03:30]} 39.Rd7+ {[%clk 0:03:13]} Ke6 {[%clk 0:03:38]} 0-1